000 00571nam a2200229Ia 4500
003 OSt
005 20220918201405.0
006 a|||||r|||| 00| 0
007 ta
008 220917b |||||||| |||| 00| 0 eng d
024 _a93,598
037 _cTextual
040 _aARTS
_cARTS
_beng
041 _2eng
_aeng
082 _aV1N39:1:N4, J51.2
100 _aSpears Edward
_998507
245 0 _aAssignment to catastrophe
260 _c1955
650 _aHISTORY
942 _hV1N39:1:N4, J51.2
_cTEXL
_2CC
999 _c217240
_d217240